000 00448cam a2200181 4500
001 D13207
008 090401t1959 xxu||||| |||| 00| 0 eng d
035 _a(Sirsi) u8421
041 _aeng
100 _aLawrance, David M
245 _aArbitrations and Awards
250 _a9th
260 _aLondon
_bEstates Gazette
_c1959
350 _a0
520 _aReference copy in the basement - marked with notes.
942 _n0
948 _c04/03/1997
999 _c86511
_d86511